La imaginación de Roger Donal /

Uloženo v:
Podrobná bibliografie
Hlavní autor: Urbina, Cecilia (autor)
Médium: Kniha
Jazyk:španělština
Vydáno: México : Sansores y Aljure, 1997, c1997
Témata:
Tagy: Přidat tag
Žádné tagy, Buďte první, kdo vytvoří štítek k tomuto záznamu!

MARC

LEADER 00000nam^a2200000^a^4500
001 000562130
005 20250521000000.0
009 20260310131938.969
020 |a 968-7966-08-4 
037 |a Acervo ITESO - Biblioteca 
041 |a ESP 
082 |a 863.  |b URB 
100 |a Urbina, Cecilia  |e (autor) 
245 1 3 |a La imaginación de Roger Donal /  |c C. Urbina. 
264 4 |a México :  |b Sansores y Aljure,  |c 1997, c1997 
300 |a 150 p. 
336 |a texto  |b txt  |2 rdacontenido 
337 |a sin mediación  |b n  |2 rdamedio 
338 |a volumen  |b nc  |2 rdasoporte 
649 |a XX 
650 |a Novela Mexicana 
650 |a Literatura Mexicana -  |y Siglo XX 
650 |a Literatura de Mujeres -  |z México 
650 |a Literatura Erótica -  |z México 
650 |a Deseo Sexual en la Literatura 
910 |a Fondo Castillo-Martínez 
920 |a Impresos - Libros 
930 |a Fondos Especiales 
940 |a Literatura 
905 |a 127 
901 |a 0500347595  |b IT2  |c ESP  |i D123963  |u 20250521 
902 |a https://opac.biblio.iteso.mx/vufind/Record/000562130